Sexta declaración de la selva Lacandona /
En la Sexta declaración emitida por el EZLN en junio del 2005, refrendan su compromiso por actuar pacíficamente, por resguardar a las poblaciones indígenas, y por luchar contra el capitalismo y el neoliberalismo económico.
Zapisane w:
| Korporacja: | |
|---|---|
| Format: | Książka |
| Język: | hiszpański |
| Wydane: |
México :
editorial no identificada,
2005
|
| Seria: | (Cuadernos de la Resistencia ;
1) |
| Hasła przedmiotowe: | |
| Etykiety: |
Nie ma etykietki, Dołącz pierwszą etykiete!
|
MARC
| LEADER | 00000nam^a2200000^a^4500 | ||
|---|---|---|---|
| 001 | 000560012 | ||
| 005 | 20250526000000.0 | ||
| 009 | 20260310131853.285 | ||
| 037 | |a Acervo ITESO - Biblioteca | ||
| 041 | |a ESP | ||
| 082 | |a 320. 9720639 |b EJE DEC V. 6 | ||
| 110 | |a Ejército Zapatista de Liberación Nacional | ||
| 240 | 1 | 1 | |a [Declaraciones del EZLN] |
| 245 | 1 | 0 | |a Sexta declaración de la selva Lacandona / |c EZLN. |
| 264 | 1 | |a México : |b editorial no identificada, |c 2005 | |
| 300 | |a 30 p. ; |c 20.5 cm. | ||
| 336 | |a texto |b txt |2 rdacontenido | ||
| 337 | |a sin mediación |b n |2 rdamedio | ||
| 338 | |a volumen |b nc |2 rdasoporte | ||
| 440 | 1 | |a (Cuadernos de la Resistencia ; |v 1) | |
| 520 | |a En la Sexta declaración emitida por el EZLN en junio del 2005, refrendan su compromiso por actuar pacíficamente, por resguardar a las poblaciones indígenas, y por luchar contra el capitalismo y el neoliberalismo económico. | ||
| 610 | |a Ejército Zapatista de Liberación Nacional - |x Tema Principal | ||
| 649 | |a XX | ||
| 650 | |a Indígenas de México - |x Condiciones Jurídicas | ||
| 650 | |a Indígenas de México - |x Condiciones Políticas | ||
| 650 | |a Altermundistas - |z México | ||
| 650 | |a Movimientos Sociales - |z México | ||
| 650 | |a Capitalismo | ||
| 650 | |a Liberalismo y Neoliberalismo Económicos | ||
| 650 | |a Economía Política | ||
| 650 | |a Derecho Indígena - |z México | ||
| 650 | |a Derecho Público - |z México | ||
| 650 | |a Política - |z México - |x Historia - |y 2000-2006 | ||
| 650 | |a Política - |z México - |x Historia - |y Siglo XX | ||
| 650 | |a México - |x Condiciones Políticas | ||
| 910 | |a Fondo Castillo-Martínez | ||
| 920 | |a Impresos - Libros | ||
| 930 | |a Libros Antiguos y Raros | ||
| 905 | |a 108 | ||
| 901 | |a 0500344429 |b IT2 |c LRA |i D124914 |u 20250526 | ||
| 902 | |a https://opac.biblio.iteso.mx/vufind/Record/000560012 | ||